|
|
|
|
| LEADER |
02038nam a2200385 a 4500 |
| 001 |
37322 |
| 003 |
BD-DhAAL |
| 005 |
20210211145601.0 |
| 008 |
210211t2020 caua|||| |||| 001 0 eng d |
| 999 |
|
|
|c 43170
|d 43170
|
| 020 |
|
|
|a 9781587145230
|
| 020 |
|
|
|a 1587145235
|
| 040 |
|
|
|a BD-DhAAL
|
| 082 |
|
|
|a 004.6076
|2 23
|
| 245 |
|
|
|a CCNP and CCIE enterprise core ENCOR 350-401 /
|c Brad Edgeworth, Ramiro Garza Rios, David Hucaby and Jason Gooley.
|
| 246 |
|
|
|a ENCOR 350-401
|
| 260 |
|
|
|a San Jose, California :
|b Cisco Press,
|c c2020.
|
| 300 |
|
|
|a xliv, 973 pages :
|b illustrations ;
|c 24 cm
|
| 490 |
|
|
|a Official cert guide
|
| 500 |
|
|
|a Includes index
|
| 526 |
|
|
|a CSE
|
| 541 |
|
|
|a Karim International
|e 37322, 37323, 37324, 37325
|
| 630 |
|
|
|a Cisco IOS
|9 40909
|
| 650 |
|
|
|a Computer networks
|x Design
|x Examinations
|v Study guides.
|9 40910
|
| 650 |
|
|
|a Electronic data processing personnel
|x Certification.
|9 40911
|
| 700 |
|
|
|a Edgeworth, Brad,
|9 40912
|
| 700 |
|
|
|a Rios, Ramiro Garza,
|9 40913
|
| 700 |
|
|
|a Gooley, Jason,
|9 40914
|
| 700 |
|
|
|a Hucaby, Dave,
|9 40915
|
| 852 |
|
|
|a Ayesha Abed Library
|c General stacks
|
| 942 |
|
|
|2 ddc
|c BK
|
| 952 |
|
|
|0 0
|1 0
|2 ddc
|4 0
|6 004_607600000000000_CCN
|7 0
|9 69110
|a BRACUL
|b BRACUL
|c GEN
|d 2020-11-29
|e Karim International
|g 5990.00
|l 0
|o 004.6076 CCN
|p 3010037324
|r 2020-11-29
|t 3
|v 5990.00
|w 2020-11-29
|y BK
|x Received During Pandemic
|
| 952 |
|
|
|0 0
|1 0
|2 ddc
|4 0
|6 004_607600000000000_CCN
|7 0
|9 69111
|a BRACUL
|b BRACUL
|c GEN
|d 2020-11-29
|e Karim International
|g 5990.00
|l 0
|o 004.6076 CCN
|p 3010037322
|r 2020-11-29
|t 1
|v 5990.00
|w 2020-11-29
|y BK
|x Received During Pandemic
|
| 952 |
|
|
|0 0
|1 0
|2 ddc
|4 0
|6 004_607600000000000_CCN
|7 0
|9 69112
|a BRACUL
|b BRACUL
|c GEN
|d 2020-11-29
|e Karim International
|g 5990.00
|l 0
|o 004.6076 CCN
|p 3010037323
|r 2020-11-29
|t 2
|v 5990.00
|w 2020-11-29
|y BK
|x Received During Pandemic
|
| 952 |
|
|
|0 0
|1 0
|2 ddc
|4 0
|6 004_607600000000000_CCN
|7 0
|9 69113
|a BRACUL
|b BRACUL
|c GEN
|d 2020-11-29
|e Karim International
|g 5990.00
|l 1
|o 004.6076 CCN
|p 3010037325
|r 2022-04-17
|s 2022-04-10
|t 4
|v 5990.00
|w 2020-11-29
|y BK
|x Received During Pandemic
|